C traps and pitfalls / (Record no. 179319)
[ view plain ]
| 000 -LEADER | |
|---|---|
| fixed length control field | 00810 a2200205 4500 |
| 003 - CONTROL NUMBER IDENTIFIER | |
| control field | Nust |
| 005 - DATE AND TIME OF LATEST TRANSACTION | |
| control field | 20220817113646.0 |
| 010 ## - LIBRARY OF CONGRESS CONTROL NUMBER | |
| LC control number | 88016616 |
| 020 ## - INTERNATIONAL STANDARD BOOK NUMBER | |
| International Standard Book Number | 8129707578 |
| 040 ## - CATALOGING SOURCE | |
| Transcribing agency | Nust |
| 082 00 - DEWEY DECIMAL CLASSIFICATION NUMBER | |
| Classification number | 005.133,KOE |
| 100 1# - MAIN ENTRY--PERSONAL NAME | |
| Personal name | Koenig, Andrew. |
| 9 (RLIN) | 97694 |
| 245 10 - TITLE STATEMENT | |
| Title | C traps and pitfalls / |
| Statement of responsibility, etc. | Andrew Koenig. |
| 250 ## - EDITION STATEMENT | |
| Edition statement | low price edition |
| 260 ## - PUBLICATION, DISTRIBUTION, ETC. | |
| Place of publication, distribution, etc. | Reading, Mass. : |
| Name of publisher, distributor, etc. | Addison-Wesley, |
| Date of publication, distribution, etc. | [1988], c1989. |
| 300 ## - PHYSICAL DESCRIPTION | |
| Extent | xi, 146 p. ; |
| Dimensions | 24 cm. |
| 505 ## - FORMATTED CONTENTS NOTE | |
| Formatted contents note | Introduction (Page-1), Lexical Pitfalls (Page-5), Syntactic Pitfalls (Page-13), Semantic Pitfalls (Page-27), Link Gage (Page-53), Library Function (Page-69) The Pre processors (Page-77), Portability (Page-77), Portability (Page-85), Advice and Answers (Page-101). |
| 650 #0 - SUBJECT ADDED ENTRY--TOPICAL TERM | |
| Topical term or geographic name entry element | C (Computer program language) |
| 9 (RLIN) | 1226 |
| 942 ## - ADDED ENTRY ELEMENTS (KOHA) | |
| Source of classification or shelving scheme | |
| Koha item type | Book |
| Call number prefix | 005.133,KOE |
| Withdrawn status | Lost status | Source of classification or shelving scheme | Damaged status | Not for loan | Permanent Location | Current Location | Shelving location | Date acquired | Full call number | Barcode | Date last seen | Price effective from | Koha item type | Public note |
|---|---|---|---|---|---|---|---|---|---|---|---|---|---|---|
| Military College of Signals (MCS) | Military College of Signals (MCS) | General Stacks | 12/12/2016 | 005.133,KOE | MCS31662 | 12/08/2016 | 12/12/2016 | Book | Almirah No.5 Shelf No.1 |
